000 00679nam a2200229 a 4500
001 13634
003 BD-JhCC
005 20240312113822.0
008 240312b 2024b |||| ||a| 000 0 b d
020 _a9789845028783
035 _a(BD-JhCC)13634
040 _aBD-JhCC
_dBD-JhCC
041 _abengali
082 _a891.4435
_bJAH 2024
100 _aজাহান, নাসরীন
245 _aঅন্যতমা অন্যদিকে যায় /
_b নাসরীন জাহান
260 _aঢাকা:
_bঅন্য প্রকাশ;
_c2024.
300 _a80 p. :
_c22 cm.
650 _aBengali Short Stories
942 _2ddc
_cBK
999 _c13634
_d13634